[Event "GCT Warsaw 2024"]
[Site "Warsaw, Poland"]
[Date "2024.05.11"]
[Round "18.2"]
[White "Giri, Anish"]
[Black "Gukesh D"]
[Result "1/2-1/2"]
[WhiteElo "2687"]
[BlackElo "2649"]
[PlyCount "112"]
[EventDate "2024.??.??"]

1. Nf3 d5 2. d4 Nf6 3. c4 e6 4. Nc3 h6 5. cxd5 exd5 6. Bf4 c6 7. e3 Bf5 8. Bd3 Bxd3 9. Qxd3 Bd6 $146 ({RR} 9... Nbd7 10. O-O Be7 11. Rfe1 O-O 12. Rac1 Re8 13. h3 a6 14. e4 dxe4 15. Nxe4 Nd5 16. Bg3 N7f6 17. Nxf6+ Bxf6 18. Rxe8+ Qxe8 19. Re1 Qf8 20. Ne5 Re8 21. f4 Qb4 22. Qc2 Qxd4+ 23. Kh1 Nxf4 24. Nc4 {Garralon Torres,J-Gonzalez Vazquez,F Gijon 2007 0-1}) ({RR} 9... Nbd7 10. h3 Be7 11. O-O O-O 12. Rab1 a5 13. a3 a4 14. Qc2 Qa5 15. Nh4 Rfd8 16. Nf5 Bf8 17. g4 Ne8 18. Kh1 c5 19. Rg1 Ra6 20. Rbd1 c4 21. e4 dxe4 22. Qxe4 Ndf6 23. Qxb7 Rb6 24. Qf3 {Tindall,B-Hill,S (2295) Canberra 1997 0-1 (34)}) ({RR} 9... Nbd7 10. h3 Bb4 11. O-O O-O 12. Rfc1 Re8 13. a3 Bf8 14. b4 Ne4 15. b5 g5 16. Bh2 f5 17. bxc6 bxc6 18. Ne5 Nxe5 19. Bxe5 Bd6 20. Ne2 Rxe5 21. dxe5 Bxe5 22. Rab1 Qd6 23. Rf1 g4 24. hxg4 {Gardi,G (1999)-Domenighini,A (1763) Bratto 2013 1-0 (50)}) 10. Bxd6 Qxd6 11. O-O O-O 12. Rab1 a5 13. a3 Nbd7 14. Qc2 $146 ({RR} 14. b4 b5 15. e4 dxe4 16. Nxe4 Nxe4 17. Qxe4 Nb6 18. Ne5 Nd5 19. Rfc1 Ra6 20. Rc5 axb4 21. axb4 Nxb4 22. g3 f5 23. Qf3 Qxd4 24. Qb3+ Nd5 25. Rxc6 Ra1 26. Nf3 Rxb1+ 27. Qxb1 Qe4 28. Qb3 f4 {Birkisson,B (2278)-Kjartansson,G (2399) Gardabaer ISL 2026 0-1 (34)}) 14... Rfe8 15. Rfc1 Ne4 16. Nxe4 Rxe4 17. b4 axb4 18. axb4 Ree8 19. b5 Rec8 20. bxc6 bxc6 21. h3 c5 22. dxc5 Rxc5 23. Qd2 Nf6 24. Rxc5 Qxc5 25. Rc1 Qd6 26. Qc2 g6 27. Nd4 Ne4 28. Ne2 h5 29. Nf4 Qe5 30. Rd1 Nf6 31. Qd2 Rd8 32. Qd4 Qf5 33. Nd3 Rc8 34. Qe5 Qxe5 35. Nxe5 Kg7 36. Nd3 Rc7 37. Nf4 Rd7 38. h4 Kf8 39. f3 Ke7 40. Kf2 Rd8 41. Kg3 Rd7 42. Rd2 Rd8 43. Ne2 Rc8 44. Ra2 Kf8 45. Ra6 Kg7 46. Rd6 Ra8 47. Nf4 Ra3 48. Kf2 Ra2+ 49. Kg3 Ra3 50. Nxd5 Nxd5 51. Rxd5 Rxe3 52. Rd4 Re6 53. Rc4 Rb6 54. Rd4 Re6 55. Rc4 Rb6 56. Rd4 Re6 1/2-1/2

[Event "Titled Tue 21st Oct 2025"]
[Site "chess.com INT"]
[Date "2025.10.21"]
[Round "6"]
[White "Tabatabaei, M."]
[Black "Andreikin, D."]
[Result "0-1"]
[WhiteElo "2681"]
[BlackElo "2710"]
[PlyCount "242"]
[EventDate "2025.10.21"]

1. c4 e6 2. Nc3 d5 3. d4 Nf6 4. cxd5 exd5 5. Bg5 c6 6. e3 Bf5 7. Qf3 Bg6 8. Bxf6 Qxf6 9. Qxf6 gxf6 10. h4 h6 11. Kd2 Nd7 12. Bd3 Rg8 13. g3 Bxd3 14. Kxd3 f5 15. Nh3 $146 ({RR} 15. Nf3 Bd6 16. Rhc1 Ke7 17. Rc2 Nb6 18. b3 Kd7 19. Ke2 a5 20. Rb1 f6 21. Ne1 Bb4 22. Nd3 Bxc3 23. Rxc3 Kc7 24. Nf4 Nc8 25. Nxd5+ {1-0 (25) Sebenik,M (2511)-Schneider Zinner,H (2355) Bad Gleichenberg 2013}) ({RR} 15. h5 Nf6 16. Nf3 Ne4 17. Raf1 Be7 18. Ne2 a5 19. Nf4 Bf6 20. Ke2 a4 21. Rc1 Ra5 22. Nd3 Rb5 23. Nd2 Be7 24. Nb1 Bb4 25. Rc2 Ke7 26. Nc3 Bxc3 27. bxc3 Nd6 28. Rb2 Rxb2+ 29. Nxb2 a3 {Izoria,Z (2541)-Sandalakis,A (2138) Rethymno 2003 ½-½ (42)}) 15... Bd6 16. Ke2 $146 ({RR} 16. Ne2 Nf6 17. Nef4 a5 18. Ke2 Ke7 19. Nd3 Ra6 20. Nhf4 Ne4 21. Rhc1 a4 22. Rab1 Rb6 23. Rc2 Ra8 24. Kf3 Nf6 25. Ke2 Ne4 26. Kf3 Rb5 27. Ne2 Rb6 28. Nef4 {½-½ (28) Bok,B (2592)-Andreikin,D (2710) chess.com INT 2026}) 16... Nf6 17. Kf3 a5 18. b3 Ne4 19. Rac1 Nd2+ 20. Kg2 Ne4 21. Rc2 Ke7 22. Ne2 Ra6 23. Rb1 Rb6 24. Nhf4 a4 25. Nd3 axb3 26. axb3 Ra8 27. b4 Ra3 28. Nc5 Rb5 29. Rcb2 b6 30. Nxe4 fxe4 31. g4 Ke6 32. h5 f6 33. Ng3 Kd7 34. Nf5 Bf8 35. Kf1 Ra4 36. Ke2 Ra3 37. Kf1 Ra4 38. Rb3 Ra2 39. Kg2 Ra4 40. Kg3 Ra2 41. Kg2 Ra4 42. R3b2 Ra3 43. Kg3 Ra4 44. Kf4 Ra3 45. Nh4 Ke6 46. Nf5 Ra4 47. Kg3 Ra3 48. Kg2 Ra4 49. Kg3 Ra3 50. Kh3 Ra4 51. Kg2 Ra3 52. Rc2 c5 53. dxc5 bxc5 54. Rd1 Rxb4 55. Rcd2 Rd3 56. Rxd3 exd3 57. Rxd3 Rxg4+ 58. Ng3 c4 59. Rd1 c3 60. Rc1 d4 61. Kf3 Ba3 62. Rc2 Rh4 63. exd4 Bb4 64. Ne2 Kd5 65. Kg3 Re4 66. Nxc3+ Bxc3 67. Rxc3 Kxd4 68. Ra3 Re5 69. Ra4+ Kd5 70. Kf4 Ke6 71. Ra6+ Kf7 72. Ra7+ Kg8 73. Ra8+ Kg7 74. Ra7+ Kg8 75. Ra8+ Kf7 76. Ra7+ Kf8 77. Ra8+ Kg7 78. Ra7+ Kh8 79. Kg4 Rg5+ 80. Kh4 Rf5 81. Ra8+ Kg7 82. Ra7+ Kg8 83. Ra8+ Kf7 84. Ra7+ Ke6 85. Rh7 Rxf2 86. Rxh6 Kf5 87. Rh8 Rf4+ 88. Kg3 Ra4 89. h6 Kg6 90. Kf3 Rb4 91. Kg3 Rc4 92. Kh3 Rd4 93. Kg3 Rc4 94. Kh3 f5 95. Kg3 Rg4+ 96. Kh3 Re4 97. Kg3 Re3+ 98. Kf4 Re4+ 99. Kf3 Re7 100. Rg8+ Kxh6 101. Rg1 Rg7 102. Kf4 Rxg1 103. Kxf5 Rg5+ 104. Ke4 Rh5 105. Kf4 Rg5 106. Kf3 Kg6 107. Kf4 Kf6 108. Ke4 Rf5 109. Ke3 Re5+ 110. Kd4 Kf5 111. Kc4 Re4+ 112. Kd3 Ke5 113. Kd2 Rd4+ 114. Kc3 Ke4 115. Kc2 Rd3 116. Kb2 Kd4 117. Kc2 Kc4 118. Kc1 Kc3 119. Kb1 Rd1+ 120. Ka2 Rc1 121. Ka3 Ra1# 0-1

[Event "40th ECC Open 2025"]
[Site "Rhodes GRE"]
[Date "2025.10.24"]
[Round "6.3"]
[White "Maghsoodloo, Parham"]
[Black "Yu Yangyi"]
[Result "1/2-1/2"]
[WhiteElo "2697"]
[BlackElo "2720"]
[PlyCount "76"]
[EventDate "2025.10.19"]
[EventType "team"]
[WhiteTeam "SuperChess"]
[BlackTeam "Alkaloid"]

1. d4 Nf6 2. c4 e6 3. Nc3 d5 4. cxd5 exd5 5. Bg5 Be7 6. e3 h6 7. Bh4 O-O 8. Bd3 Re8 9. Nge2 c6 10. O-O Nh5 11. Bxe7 Qxe7 12. Qd2 Nd7 13. Rae1 Ndf6 ({RR} 13... Nhf6 14. Nc1 Nf8 15. a3 Bd7 16. b4 a5 17. Qb2 axb4 18. axb4 Ne6 19. N1e2 b6 20. Ra1 Qf8 21. Bf5 Nc7 22. Bxd7 Nxd7 23. Nf4 b5 24. Nd3 Nb6 25. Ne2 Nc4 26. Qc3 Ne6 27. h3 Qe7 28. Nc5 {Grebnev,A (2621)-Parpiev,I (2433) Moscow RUS 2026 1-0 (60)}) 14. h3 $146 ({RR} 14. Nc1 Ne4 15. Qc2 Nxc3 16. bxc3 Qg5 17. Kh1 Bd7 18. Nb3 b6 19. Nd2 Nf6 20. Nf3 Qh5 21. Ne5 Ng4 22. Nxg4 Bxg4 23. f3 Be6 24. c4 dxc4 25. Bxc4 Rad8 26. a4 c5 27. Bxe6 Rxe6 28. dxc5 Qxc5 {Erigaisi,A (2710)-Yu Yangyi (2735) Biel SUI 2023 ½-½ (115)}) ({RR} 14. Nf4 Nxf4 15. exf4 Qd6 16. Re5 Be6 17. Rfe1 Nd7 18. f5 Nxe5 19. dxe5 Qb4 20. fxe6 Rxe6 21. a3 Qb6 22. Na4 Qc7 23. f4 Re7 24. Bb1 Rd8 25. h4 h5 26. Qd3 g6 27. Qg3 Rde8 28. Kh2 d4 {Tang,A (2548)-Stepanencu,N (2328) chess.com INT 2025 1-0 (33)}) ({RR} 14. Nc1 Ne4 15. Qc2 Nxc3 16. bxc3 Qg5 17. Kh1 Bd7 18. Nb3 b6 19. Nd2 Nf6 20. Nf3 Qh5 21. Ne5 Ng4 22. Nxg4 Bxg4 23. f3 Be6 24. c4 dxc4 25. Bxc4 Rad8 26. a4 c5 27. Bxe6 Rxe6 28. dxc5 Qxc5 {Erigaisi,A (2710)-Yu Yangyi (2735) Biel SUI 2023 ½-½ (115)}) ({RR} 14. Nc1 Ne4 15. Qc2 Nxc3 16. bxc3 Qg5 17. Kh1 Bd7 18. Nb3 b6 19. Nd2 Nf6 20. Nf3 Qh5 21. Ne5 Ng4 22. Nxg4 Bxg4 23. f3 Be6 24. c4 dxc4 25. Bxc4 Rad8 26. a4 c5 27. Bxe6 Rxe6 28. dxc5 Qxc5 {Erigaisi,A (2710)-Yu Yangyi (2735) Biel SUI 2023 ½-½ (115)}) ({RR} 14. Nf4 Nxf4 15. exf4 Qd6 16. Re5 Be6 17. Rfe1 Nd7 18. f5 Nxe5 19. dxe5 Qb4 20. fxe6 Rxe6 21. a3 Qb6 22. Na4 Qc7 23. f4 Re7 24. Bb1 Rd8 25. h4 h5 26. Qd3 g6 27. Qg3 Rde8 28. Kh2 d4 {Tang,A (2548)-Stepanencu,N (2328) Chess.com INT 2025 1-0 (33)}) 14... Bd7 15. Nf4 Qd6 16. Nxh5 Nxh5 17. g4 Nf6 18. f3 c5 19. dxc5 Qxc5 20. Bc2 a5 21. Qd4 Qb4 22. Bb3 Bc6 23. Kf2 Qd6 24. Kg2 Qb4 25. h4 Re6 26. g5 hxg5 27. hxg5 Qxd4 28. exd4 Nh5 29. Rxe6 Nf4+ 30. Kg3 Nxe6 31. Nxd5 Nxd4 32. Ne7+ Kf8 33. Nxc6 bxc6 34. Rh1 Ke7 35. Re1+ Kf8 36. Ba4 Rb8 37. b3 Re8 38. Rd1 Rd8 1/2-1/2

[Event "Dubai Police Global Chess Challenge 202"]
[Site "Dubai Police Officers Club, A"]
[Date "2024.05.12"]
[Round "9.5"]
[White "Tabatabaei, M. Amin"]
[Black "Indjic, Aleksandar"]
[Result "1-0"]
[WhiteElo "2707"]
[BlackElo "2603"]
[PlyCount "115"]
[EventDate "2024.??.??"]
[WhiteTeam "IRI"]
[BlackTeam "SRB"]
[WhiteClock "0:01:07"]
[BlackClock "0:01:28"]

1. d4 d5 2. c4 e6 3. Nc3 Nf6 4. cxd5 exd5 5. Bg5 Be7 6. e3 h6 7. Bh4 O-O 8. Bd3 c6 9. Nge2 Nbd7 ({RR} 9... Ne4 10. Bxe7 Qxe7 11. Bxe4 dxe4 12. Ng3 f5 13. O-O Be6 14. d5 Rd8 15. Qh5 cxd5 16. Nxf5 Qf7 17. Qxf7+ Kxf7 18. Nd4 Nd7 19. Rac1 Ne5 20. Ncb5 Nd3 21. Nc7 Nxc1 22. Rxc1 Rac8 23. Ndxe6 Rd7 24. h4 {Andreikin,D (2724)-Shimelkov,V (2159) chess.com INT 2022 1-0 (38)}) 10. O-O Re8 11. a4 $146 ({RR} 11. f3 Nf8 12. Bf2 Ne6 13. Qc2 b6 14. Rad1 Bb7 15. e4 dxe4 16. fxe4 Ng4 17. d5 cxd5 18. exd5 Nc5 19. Bb5 Rf8 20. Bd4 Bg5 21. Nf4 Qd6 22. g3 Rad8 23. b4 Nd7 24. Qf5 Ndf6 25. h4 Bc8 {Van den Nieuwendijk,M (1900)-Homs,G (2200) Soest 1998 0-1 (46)}) ({RR} 11. f3 b5 12. Rc1 a5 13. Bf2 Ba6 14. Ng3 Bd6 15. Nce2 c5 16. Nf5 Bf8 17. dxc5 Nxc5 18. Bb1 b4 19. Re1 Rc8 20. Nf4 g6 21. Nd4 Qb6 22. Qd2 Bd6 23. b3 Qb8 24. g4 Ncd7 25. Kg2 Ne5 {Duda,J (2760)-Salem,A (2690) Warsaw POL 2021 1-0 (51)}) ({RR} 11. f3 b5 12. a3 Nb6 13. b3 a5 14. e4 a4 15. b4 Bb7 16. e5 Nh7 17. Bf2 Nf8 18. f4 f6 19. Ng3 Nbd7 20. Qg4 fxe5 21. fxe5 Nh7 22. Nh5 g5 23. Qe6+ Kh8 24. Qxh6 Ndf8 25. Qg7# {1-0 (25) Jenner,E (1760)-Boschmann,W (1519) Ditzingen 2015}) ({RR} 11. Re1 Nf8 12. f3 Qc7 13. Bf2 Bd6 14. Ng3 Bd7 15. Rc1 Rad8 16. e4 Bxg3 17. Bxg3 Qb6 18. exd5 Nxd5 19. Bf2 Rxe1+ 20. Qxe1 Qxb2 21. Nxd5 cxd5 22. Rc5 Re8 23. Qb1 Qxb1+ 24. Bxb1 Bc6 25. Bd3 Ne6 {Perez Carballeira,F (1593)-Rendo Quindos,P (1643) Madrid 2012 1/2-1/2 (84)}) 11... Nh5 12. Bxe7 Qxe7 13. a5 Ndf6 ({RR} 13... a6 14. Ra3 Nf8 15. Na4 Rb8 16. Qd2 Qg5 17. f3 g6 18. Bb1 Ng7 19. Nf4 Bf5 20. Ba2 h5 21. Qf2 Nd7 22. h4 Qf6 23. b4 Qd6 24. Nc5 Nf6 25. Qg3 Qd8 26. Qg5 Qd6 27. Qg3 Qd8 28. Qg5 {Caruana,F (2786)-Firouzja,A (2804) Bucharest 2022 ½-½}) 14. Qc2 Qd6 $146 ({RR} 14... g6 15. Na4 a6 16. Nb6 Rb8 17. Nxc8 Rbxc8 18. Rae1 Ng7 19. Qd2 Rcd8 20. b4 h5 21. Qb2 Ne4 22. f3 Nc5 23. Nc1 Nxd3 24. Nxd3 Qf6 25. Ne5 Re7 26. g4 Rde8 27. Kh1 Qh4 28. Qg2 Ne6 29. gxh5 {Butkiewicz,L (2319)-Moranda,W (2525) Chotowa POL 2026 ½-½ (38)}) 15. h3 g6 16. Rfe1 Re7 17. Rac1 Bd7 18. Na4 Be8 19. Qc5 Qd8 20. b4 Nd7 21. Qd6 Re6 22. Qh2 b6 23. g4 Ng7 24. Nf4 Rf6 25. h4 Nf8 26. g5 hxg5 27. hxg5 Rd6 28. f3 Qxg5+ 29. Kf2 f5 30. Rh1 Qf6 31. Rcg1 Kf7 32. axb6 axb6 33. Nxb6 Rb8 34. Na4 Rxb4 35. Nc5 Rxd4 36. Rb1 Rc4 37. Bxc4 dxc4 38. Ne2 Rd5 39. Rb7+ Nd7 40. Nxd7 Bxd7 41. Qf4 g5 42. Qxc4 Kg6 43. Rg1 Ne6 44. Qc2 Qh8 45. Kg2 Nc5 46. Ra7 Qe5 47. Ra3 Qd6 48. Nd4 Ne6 49. Rd3 c5 50. Nxf5 Nf4+ 51. exf4 Bxf5 52. Rxd5 Qxd5 53. Rd1 Qe6 54. Qd2 gxf4 55. Re1 Qc4 56. Qd6+ Kg5 57. Qe7+ Kg6 58. Rg1 1-0

[Event "87th Tata Steel Masters 2025"]
[Site "Wijk aan Zee"]
[Date "2025.01.24"]
[Round "6.7"]
[White "Mendonca, Leon Luke"]
[Black "Warmerdam, Max"]
[Result "1/2-1/2"]
[WhiteElo "2639"]
[BlackElo "2646"]
[Annotator "Chessbase - Stockfish 17"]
[PlyCount "66"]
[EventDate "2025.??.??"]
[EventCountry "NED"]

{[%evp 13,66,23,23,22,19,13,21,8,17,4,11,6,10,12,10,5,9,0,0,0,0,0,0,0,0,0,-9,-6,0,-22,0,0,0,-20,-7,-12,0,0,0,0,0,0,0,0,0,0,0,0,0,0,0,0,41,27,22]} 1. c4 e6 2. Nc3 d5 3. d4 Nf6 4. cxd5 exd5 5. Bg5 Be7 6. e3 c6 7. Bd3 Nbd7 {[%cal Bb8d7,Bd7f8,Bf8e6][%mdl 32]} 8. h3 {D35: Queen's Gambit Declined: Exchange Variation.} Nf8 9. Nf3 $1 {9.Nf3 scores better than 9.Bf4.} Ne6 10. Bh4 {The position is equal.} g6 11. O-O {[%cal Bb2b4]} O-O 12. Rb1 a5 13. Rc1 (13. a3 Ne8 14. Bg3 Bd6 15. Bh4 f6 16. e4 Nf4 17. Re1 Nc7 18. Bc2 Be6 19. Qd2 Qd7 20. Bg3 Nh5 21. e5 fxe5 22. Nxe5 Qg7 23. Bh2 Rad8 24. Na4 Nb5 25. Nc5 Bc8 26. a4 Nc7 27. Qxa5 Nf4 {Vakhidov,J (2571)-Rapport,R (2715) Tashkent UZB 2024 ½-½ (62)}) ({RR} 13. a3 Ng7 14. b4 Nf5 15. Bg5 Be6 16. Qc2 axb4 17. axb4 Rc8 18. Bf4 b5 19. Nd2 Nd6 20. Bxd6 Bxd6 21. Ne2 Nd7 22. e4 dxe4 23. Nxe4 Nf6 24. Nc5 Bd5 25. Nc3 Bb8 26. Nxd5 Qxd5 27. Rfd1 h5 {Bluebaum,M (2663)-Caruana,F (2777) chess.com INT 2025 0-1 (54)}) ({RR} 13. a3 Ne8 14. Bxe7 Qxe7 15. b4 Ng5 16. Nxg5 Qxg5 17. Kh1 axb4 18. axb4 Bf5 19. b5 Nd6 20. bxc6 {½-½ (20) Petrov,N (2572)-Stremavicius,T (2547) Reykjavik ISL 2026}) 13... Ng7 14. Qb3 Ra7 15. Na4 Bf5 $146 (15... Re8 16. Nc5 Ne6 17. Nxe6 Bxe6 18. a3 Ne4 19. Bxe7 Rxe7 20. Qc2 Nd6 21. Rfe1 Bf5 22. Bxf5 Nxf5 23. e4 dxe4 24. Rxe4 Ra8 25. Rce1 Rxe4 26. Rxe4 Qd5 27. Re5 Qd7 28. Qc5 Rd8 29. g4 Nd6 30. d5 {Del Rio de Angelis,S (2503)-Llorente Zaro,A (2444) Toledo 2021 ½-½ (31)}) ({RR} 15... Re8 16. Nc5 Ne6 17. Nxe6 Bxe6 18. a3 Ne4 19. Bxe7 Rxe7 20. Qc2 Nd6 21. Rfe1 Bf5 22. Bxf5 Nxf5 23. e4 dxe4 24. Rxe4 Ra8 25. Rce1 Rxe4 26. Rxe4 Qd5 27. Re5 Qd7 28. Qc5 Rd8 29. g4 Nd6 30. d5 {Del Rio de Angelis,S (2503)-Llorente Zaro,A (2444) Toledo 2021 ½-½ (31)}) 16. Be2 Ne4 17. Bxe7 Qxe7 18. Qb6 Raa8 19. Nc5 Nd6 20. Rc3 Rfb8 21. Nd2 Nc8 22. Qb3 Ne6 23. Nxe6 Bxe6 24. Rc5 Qd8 25. a4 Nd6 26. Ra1 Ra7 27. Rcc1 h5 28. Qc3 Rba8 29. Qc5 Kh7 30. Bd3 Bf5 31. Bxf5 Nxf5 32. Ra3 Nh4 33. Rd1 Nf5 {Not much happened in this game. Weighted Error Value: White=0.04 (flawless) /Black=0.04 (flawless) Inaccurate: 	--- 	Black=1 OK: 	White=13 	Black=10 Precisão Stockfish 17: Brancas 98% Pretas 98% Precisão Chess.com: Brancas 97.9% Pretas 98.0%} 1/2-1/2

[Event "13th Norway Chess 2025"]
[Site "Stavanger NOR"]
[Date "2025.06.06"]
[Round "10.1"]
[White "Erigaisi Arjun"]
[Black "Carlsen, Magnus"]
[Result "1/2-1/2"]
[WhiteElo "2782"]
[BlackElo "2837"]
[Annotator "CB-RR"]
[PlyCount "111"]
[EventDate "2025.05.26"]
[WhiteTeam "IND"]
[BlackTeam "NOR"]
[WhiteClock "0:05:24"]
[BlackClock "0:00:23"]

{[%evp 0,111,18,18,18,-18,-2,-3,-14,-22,-24,-51,13,21,14,22,37,15,35,31,30,30,39,40,36,25,38,40,66,73,62,40,40,-52,-47,-51,63,75,97,83,111,62,53,53,53,53,49,42,51,46,38,48,46,46,65,58,69,102,110,84,143,141,154,118,136,102,90,90,90,77,72,85,85,29,51,0,0,0,0,-17,0,-145,-145,-145,-145,-387,-202,-228,-151,-387,0,0,0,-312,-312,-312,0,-309,-309,-309,-315,-315,-321,-321,-291,-291,-291,-291,-291,-291,-291,-291,-291,-291]} 1. d4 d5 2. c4 e6 3. Nc3 Nf6 4. cxd5 exd5 5. Bg5 Be7 6. e3 O-O 7. Bd3 h6 8. Bh4 c6 9. Nge2 Nbd7 10. O-O a5 ({RR} 10... Nh5 11. Bxe7 Qxe7 12. Qd2 Re8 13. Rae1 Nb6 14. Nf4 Nf6 15. f3 c5 16. g4 Be6 17. h4 Nh7 18. Qh2 cxd4 19. exd4 Qf6 20. Re5 g6 21. Rfe1 Bd7 22. Ncxd5 Qd6 23. Nxg6 Rxe5 24. Rxe5 Be6 25. Nge7+ {Ding,L (2808)-Abdusattorov,N (2677) Chess.com INT 2022 1-0}) 11. f3 ({RR} 11. Rc1 Re8 12. f3 b5 13. Kh1 Ba6 14. Bf2 Qb8 ({RR} 14... Bf8 15. Ng3 Qb8 16. e4 dxe4 17. fxe4 b4 18. Nce2 c5 19. dxc5 Rd8 20. c6 Nc5 21. Bxc5 Bxc5 22. Rxc5 Rxd3) 15. Ng3 b4 16. Nce2 Bxd3 17. Qxd3 c5 18. dxc5 Nxc5 19. Qb1 Bf8 20. Rfd1 Qb5 21. Nf4 Ne6 22. Nf5 Rac8 23. h3 Nxf4 24. exf4 Nh5 25. Nd4 Qd7 {Duda,J (2725)-Carlsen,M (2839) Zagreb CRO 2025 ½-½ (65)}) ({RR} 11. Rc1 Re8 12. f3 b5 13. Kh1 Ba6 14. Bf2 Qb8 15. Ng3 b4 16. Nce2 Bxd3 17. Qxd3 c5 18. dxc5 Nxc5 19. Qb1 Bf8 20. Rfd1 Qb5 21. Nf4 Ne6 22. Nf5 Rac8 23. h3 Nxf4 24. exf4 Nh5 25. Nd4 Qd7 {Duda,J (2725)-Carlsen,M (2839) Zagreb 2025 ½-½ (65)}) 11... b5 12. Qc2 Re8 13. e4 $146 ({RR} 13. a3 Ba6 14. Kh1 Qb8 15. Bg3 Qb7 16. e4 b4 17. Nd1 Bxd3 18. Qxd3 dxe4 19. fxe4 c5 20. e5 Qe4 21. Nf2 Qxd3 22. Nxd3 Nd5 23. dxc5 Nxc5 24. Nxc5 Bxc5 25. Rfd1 Ne3 26. Rdc1 Bf8 27. Nd4 bxa3 {Mesaros,F (2415)-Sebenik,M (2509) Austria 2022 ½-½ (44)}) ({RR} 13. Rae1 Ba6 14. Bf2 Nb6 15. Ng3 b4 16. Bxa6 Rxa6 17. Nd1 Nbd7 18. e4 dxe4 19. fxe4 c5 20. e5 Nd5 21. Nf5 Bf8 22. Bh4 Qb6 23. Nd6 Bxd6 24. Qf5 N7f6 25. exf6 Rxe1 26. Rxe1 Qc6 27. fxg7 cxd4 {Bercaru,V (2065)-Sabuk,P (2375) Roquetas de Mar ESP 2025 1-0 (44)}) ({RR} 13. Kh1 Ba6 14. Rad1 Qb8 ({RR} 14... Qb6 15. Bf2 Rad8 16. e4 dxe4 17. fxe4 Ng4 18. Bg1 Qb8 19. h3 Ngf6 20. e5 Nd5 21. Bh7+ Kh8 22. Rxf7 Nb4 23. Qg6 Bf8 24. Rdf1 Nd5 25. Nxd5 cxd5 26. Nf4 b4 27. Qxa6 Kxh7 28. Qg6+ Kh8 29. Qh5) 15. e4 b4 16. Nb1 Bxd3 17. Qxd3 dxe4 18. fxe4 Nxe4 19. Qxe4 Bxh4 20. Qxc6 Ra7 21. Nf4 Nf6 22. Qf3 Rae7 23. Rd3 Re1 24. Nd2 Bg5 25. g3 Qc8 26. Rxe1 Rxe1+ 27. Kg2 Bxf4 {Sele,T (1699)-Silva,M (2005) Budapest HUN 2024 0-1 (42)}) ({RR} 13. Kh1 Ba6 14. Rad1 Qb8 15. e4 b4 16. Nb1 Bxd3 17. Qxd3 dxe4 18. fxe4 Nxe4 19. Qxe4 Bxh4 20. Qxc6 Ra7 21. Nf4 Nf6 22. Qf3 Rae7 23. Rd3 Re1 24. Nd2 Bg5 25. g3 Qc8 26. Rxe1 Rxe1+ 27. Kg2 Bxf4 {Sele,T (1699)-Silva,M (2005) Budapest HUN 2024 0-1 (42)}) ({RR} 13. Bf2 Bb7 14. h3 Rc8 15. Bf5 g6 16. Bxg6 fxg6 17. Qxg6+ Kh8 18. e4 Nh7 19. e5 b4 20. Nd1 Ba6 21. Re1 Rg8 22. Qxh6 Bg5 23. Qd6 Qe8 24. e6 Qg6 25. Bg3 Ndf6 26. Nf2 Be3 27. Qe5 Bxe2) ({RR} 13. Kh1 Ba6 14. Rae1 Qb6 15. Bf2 Rac8 16. e4 b4 17. Nd1 c5 18. Bxa6 Qxa6 19. e5 cxd4 20. Qf5 g6 21. Qh3 Nxe5 22. Bxd4 Nd3 23. Ne3 Nxe1 24. Rxe1 Bf8 25. Ng3 Bg7 26. Rg1 Qe6 27. Ngf5 gxf5 {Andreikin,D (2710)-Duda,J (2739) chess.com INT 2026 0-1 (31)}) 13... b4 14. Na4 dxe4 15. fxe4 Nxe4 16. Bxe7 Qxe7 17. Qxc6 Nef6 18. Qxa8 Qe3+ 19. Kh1 Qxd3 20. Nf4 Qxd4 21. Rad1 Qe5 22. Rc1 Nf8 23. Rxc8 Qxf4 24. Qa6 Qxf1+ 25. Qxf1 Rxc8 26. h3 Rd8 27. Qa6 Rd5 28. Nb6 Rc5 29. Nc4 Ne6 30. Nxa5 g5 31. Nc4 g4 32. b3 gxh3 33. gxh3 Rh5 34. Kh2 Kg7 35. Qb7 Ng5 36. Nd6 Rxh3+ 37. Kg2 Rd3 38. Nf5+ Kg6 39. Ne7+ Kh5 40. Qxb4 Nfe4 41. Kf1 Rd2 42. Qb5 Rd1+ 43. Kg2 Rd2+ 44. Kf1 Kg4 45. Qf5+ Kg3 46. Qe5+ Kf3 47. Qf5+ Kg3 48. Qe5+ Kf3 49. Qf5+ Ke3 50. Nd5+ Kd4 51. Ke1 Rxa2 52. Qd7 Ra1+ 53. Ke2 Ra2+ 54. Ke1 Ra1+ 55. Ke2 Ra2+ 56. Ke1 1/2-1/2